Normal view
MARC view
Entry Topical Term
001 - CONTROL NUMBER
- control field: 14790
003 - CONTROL NUMBER IDENTIFIER
- control field: BD-RjUL
005 - DATE AND TIME OF LATEST TRANSACTION
- control field: 20250113153333.0
008 - FIXED-LENGTH DATA ELEMENTS
- fixed length control field: 250113|| aca||aabn | a|a d
040 ## - CATALOGING SOURCE
- Original cataloging agency: BD-RjUL
- Transcribing agency: BD-RjUL
150 ## - HEADING--TOPICAL TERM
- Topical term or geographic name entry element: Legislation
- Geographic subdivision: East Pakistan (Pakistan)
670 ## - SOURCE DATA FOUND
- Source citation: Work cat.: (BD-RjUL)84592: East Pakistan (Pakistan). 14789, East Pakistan acts, ordinances and regulations from 1960 to 1965 /, 1966